000 00894nam0a2200241 4500
001 RU\NLR\BIBL_A\011196594
005 20250625214744.0
035 _a(NLR Aleph) 011196594
090 _a11896233
_c11896233
100 _a20160816d1980 |||y0rusy50 ca
101 0 _ainh
102 _aRU
105 _acc z 000ay
200 1 _aСа мохк
_eстихотворенеши, дувцараши, поэмеи
_f[оттадаьр Азамат Зязиков]
210 _aГрозный
_cНохч-ГIалгIай кн. изд-во
_d1980
215 _a106, [1] с.
_cпортр.
_d17
541 1 _aМой край
_eстихотворения, рассказы, поэма
_zrus
686 1 _aШ6(2=И)7 я43
702 1 _aЗязиков
_bА. А.
_gАзамат Алаудинович
_4220
852 _aNLR
_bОНЛ
_jИнгуш./2-473
942 _cBOOK
980 _aNB